Ordina gli eventi - Cars 2 - Statistics

Statistiche generali
  • Questo quiz è stato fatto 125 volte
  • Il punteggio medio è 6 su 15
Statistiche sulle risposte
Hint Risposta % Corretto
1 Doc muore fuori scena
73%
3 Cricchetto parla con Francesco Bernoulli in un talk show
63%
2 Finn McMissile scopre l'esistenza della telecamera del Professor Z
54%
4 Cricchetto assaggia il wasabi scambiandolo per gelato al pistacchio
52%
5 Miles Axlerod perde olio in pubblico e dà la colpa a Cricchetto
45%
10 Si corre il Gran Premio d'Italia
43%
6 Si corre il Gran Premio del Giappone
37%
7 Saetta litiga con Cricchetto e Cricchetto se ne va
36%
9 Saetta parla in Italia con Topolino, lo zio di Luigi
36%
11 Cricchetto viene rapito dai catorci e legato dentro il Big Ben
34%
12 Il professor Z prova a disinnescare la bomba invano
31%
14 Sergente spiega perché Saetta non è esploso a Londra
30%
13 Axlerod disinnesca la bomba
28%
8 Cricchetto incontra Holley e Finn dentro Siddeley, l'aereo spia
28%
15 Si corre il Gran Premio di Radiator Springs
27%
Nessun quiz corrispondente trovato
Distribuzione punteggi
Percentuale di utenti per punteggio
Percentile per numero di risposta
I tuoi punteggi nel tempo
Non hai fatto questo quiz